Pohľadávky a záväzky z daní a dotácií v účtovníctve vybraných podnikateľských účtovných jednotiek bakalárska práca

Guardado en:
Detalles Bibliográficos
Autor principal: Hlbocký, Ivan
Autor Corporativo: Fakulta hospodárskej informatiky EU. Katedra účtovníctva a audítorstva
Otros Autores: Jančičková, Lea, 1996-
Formato: Libro
Lenguaje:eslovaco
Publicado: Bratislava 2021
Etiquetas: Agregar Etiqueta
Sin Etiquetas, Sea el primero en etiquetar este registro!

MARC

LEADER 00000nbm a2200000 4500
001 0276301
005 20220322141343.7
041 0 |a slo 
044 |a SK 
245 1 0 |a Pohľadávky a záväzky z daní a dotácií v účtovníctve vybraných podnikateľských účtovných jednotiek  |b bakalárska práca  |c Ivan Hlbocký ; školiteľ: Lea Jančičková 
264 1 |a Bratislava  |c 2021 
300 |a 55 s. 
100 1 |a Hlbocký, Ivan 
700 1 |a Jančičková, Lea, 1996- 
710 2 |a Fakulta hospodárskej informatiky EU. Katedra účtovníctva a audítorstva